| 000 | 00448nam a2200181Ia 4500 | ||
|---|---|---|---|
| 001 | 5174 | ||
| 005 | 20260306145849.0 | ||
| 008 | 260306t2006||||xx |||||||||||||| ||spa|| | ||
| 041 | _aESP | ||
| 082 |
_a336.985 _bP78 |
||
| 100 |
_aPortocarrero Maisch, Javier _eAUT |
||
| 245 | 0 | _aDesafíos de la política fiscal en el Perú | |
| 260 | _c2006 | ||
| 300 |
_a105 páginas : _c21 cm. |
||
| 650 | _aGEN | ||
| 654 | _aCAN | ||
| 942 |
_cLIB _dJUS _fJUS _2ddc _n |
||
| 999 |
_c5174 _d5174 |
||